Taller de microcentrales hidroeléctricas
Uloženo v:
| Hlavní autoři: | , |
|---|---|
| Médium: | Kniha |
| Jazyk: | španělština |
| Vydáno: |
Montevideo
UNESCO
1990
Montevideo PHI 1990 Montevideo GTZ 1990 |
| Témata: | |
| Tagy: |
Přidat tag
Žádné tagy, Buďte první, kdo vytvoří štítek k tomuto záznamu!
|
MARC
| LEADER | 00000nam a2200000 a 4500 | ||
|---|---|---|---|
| 001 | UCU5852 | ||
| 003 | CL-VaPUC | ||
| 005 | 20211120074428.0 | ||
| 008 | 960614e19900000uy 1 spa d | ||
| 044 | |a uy |2 marc | ||
| 044 | |a uy |2 marc | ||
| 044 | |a uy |2 marc | ||
| 082 | 0 | 4 | |a 621.312 |b FER |2 21 |
| 100 | 1 | |a Fernández Jáuregui, Carlos A |e author |9 617814 | |
| 700 | 1 | |a Viaene, Martín |e author |9 617815 | |
| 245 | 1 | 0 | |a Taller de microcentrales hidroeléctricas |
| 260 | |a Montevideo |b UNESCO |c 1990 | ||
| 260 | |a Montevideo |b PHI |c 1990 | ||
| 260 | |a Montevideo |b GTZ |c 1990 | ||
| 300 | |a 261 p | ||
| 583 | |a last modification |c 20190821 10:19:42 |k Rodrigo Vera | ||
| 650 | 0 | 0 | |a Hidráulica |9 260193 |
| 650 | 0 | 7 | |a TECNOLOGIA ENERGETICA |2 CL-VaPUC |9 360691 |
| 650 | 0 | 7 | |a CENTRALES HIDROELECTRICAS |2 CL-VaPUC |9 263331 |
| 650 | 0 | 0 | |a Generación de energía eléctrica |9 345677 |
| 650 | 0 | 0 | |a Estudio de casos |9 257099 |
| 942 | |c BK | ||
| 945 | |a cmena |d 19960614 00:00:00 | ||
| 546 | |a En Español | ||
| 536 | |a Ministerio Federal para Cooperación Económica | ||
| 536 | |a BMZ | ||
| 536 | |a Gobierno de la República Federal de Alemania | ||
| 518 | |p Taller de Microcentrales Hidroeléctricas, 1, Montevideo, Noviembre de 1990 | ||
| 999 | |c 382659 |d 382657 | ||